| 000 | 00878nas a2200301 4500 | ||
|---|---|---|---|
| 001 | BR0804294 | ||
| 003 | BR-BrBNA | ||
| 005 | 20231205111801.0 | ||
| 007 | ta | ||
| 008 | 230509b bl.|||p| |||| 00| 00por d | ||
| 040 |
_aBR-BrBNA _bpor _cBiblioteca Nacional de Agricultura |
||
| 041 | _a(Pt) | ||
| 072 | _aL73 | ||
| 100 | 1 | _aKrzyzaniak, E.L. | |
| 100 | 1 | _aVisentini, P.R.S. | |
| 100 | 1 | _aKieckhofer, H. | |
| 100 | 1 | _aPardo, R.B. | |
| 100 | 1 | _aMatias, F.C. | |
| 100 | 1 | _aRamos, E.M. | |
| 245 | 1 | _aAnálise epidemiológica retrospectiva da febre aftosa no estado de São Paulo, Brasil | |
| 650 | _aANÁLISE | ||
| 650 | _aEPIDEMIOLOGIA | ||
| 650 | _aAFTOSA | ||
| 650 | _aSÃO PAULO | ||
| 773 | 0 |
_tA Hora Veterinária (Brazil) _xISSN 0101-9163 _g(Jul-Aug 2004), v. 24(140) p. 32-37 _wBR0804294 |
|
| 909 |
_a202311 _bLúcia _c55 _dLúcia Elande |
||
| 942 |
_2AGRIS _n0 _cANA |
||
| 999 |
_c194467 _d194467 |
||